| 000 | 00351 a2200121 4500 | ||
|---|---|---|---|
| 001 | ART_5892 | ||
| 005 | 20260410161618.0 | ||
| 008 | 260409a | ||
| 245 | 1 | 0 | _aDirectores de S.A. y socios gerentes de S.R.L. |
| 100 | 1 | _aSenderovich, Isaac Aizik | |
| 700 | 1 | _aBerenstein, Regina | |
| 773 | 0 |
_tEnfoques _g- NÂș 9 (sep. 2007) _wREV416 |
|
| 999 |
_c11272 _d11272 |
||